[Event "ROM-ch"]
[Site "Eforie Nord"]
[Date "2022.02.23"]
[Round "5"]
[White "Magold, Filip"]
[Black "Chis, Bogdan Vasile"]
[Result "1-0"]
[WhiteElo "2204"]
[BlackElo "1685"]
[PlyCount "93"]
[EventDate "2022.02.20"]
[EventType "swiss"]
[EventRounds "9"]
[EventCountry "ROU"]
[SourceTitle "CBM 207 Extra"]
[Source "ChessBase"]
[SourceDate "2022.05.31"]
[SourceVersion "1"]
[SourceVersionDate "2022.05.31"]
[SourceQuality "1"]

1. e4 Nf6 2. e5 Nd5 3. d4 d6 4. c4 Nb6 5. f4 dxe5 6. fxe5 c5 7. d5 e6 8. Nc3 exd5 9. cxd5 c4 10. a3 Bc5 11. Nf3 Bg4 12. Bf4 Na6 13. h3 Bh5 14. g4 Bg6 15. Qd2 0-0 16. 0-0-0 Qd7 17. h4 Qxg4 18. Ng5 Nc7 19. h5 Bd3 20. Bh3 Qh4 21. Bf5 Qf2 22. Bxd3 Qxd2+ 23. Rxd2 cxd3 24. Rxd3 Rfe8 25. h6 f6 26. exf6 gxf6 27. Nge4 Ncxd5 28. Bd2 Rac8 29. Rxd5 Nxd5 30. Nxd5 Kf7 31. Ndc3 Bxa3 32. Kb1 Red8 33. Nb5 Be7 34. Bc3 f5 35. Rf1 Kg6 36. Rg1+ Kf7 37. Rf1 Rd5 38. Nd4 Kg6 39. Ng3 Bf6 40. Ndxf5 Rxc3 41. bxc3 Rb5+ 42. Kc2 Be5 43. Ne4 Bc7 44. Nd4 Rb6 45. Rg1+ Kxh6 46. Nf5+ Kh5 47. Rg5# 1-0